Statistiken für Musiker aus Thüringen

Klicken Sie hier um das Quiz zu spielen!

Allgemein

  • Dieses Quiz wurde 46 mal gespielt
  • Das Durchschnittsergebnis liegt bei 2 aus 25

Antwortstatistiken

SongsMusiker/Band% Korrekt
Flugmodus | GewinnerClueso
83%
Du hast mein Herz gebrochen | Für dichYvonne Catterfeld
43%
Jugendliebe | Auf den Dächern von BerlinUte Freudenberg / Gruppe Elefant
28%
Rennsteiglied | Kleines Haus am WaldHerbert Roth
15%
Endzeit | Black TearsHeaven Shall Burn
5%
My Pain | What You WantNorthern Lite
3%
Katzen bei Nacht | SuperfrauPetra Zieger
3%
Auf der Wiese | SehnsuchtVeronika Fischer
3%
How Never | Fact Or FictionBeatamines
0%
Berlin Fainting | FaradayCaptain Capa
0%
Schöner Moment | Last DanceChapeau Claque
0%
Island | KhesDapayk & Padberg
0%
Was gestern war | KleinstadtlichterDuerer
0%
Coca Cabana | Puls 1000Futurebae
0%
Déjà-vu | HeuteHannes Kinder
0%
Wenn ich auf dem Rücken lieg | Der AnglerHeinz-Jürgen Gottschalk
0%
… und sie ist glücklich dazu | He, junge MuttiJürgen Kerth
0%
Engel der Nacht | In Japan geht die Sonne aufKay Dörfel
0%
Himmel aus Eis | TschüssMaras April
0%
Gemini | You KnowMarek Hemmann
0%
Touch By Touch | Give Me A ChanceMark Ashley
0%
PAN | AMSMartin Kohlstedt
0%
Immer noch da | Faust hochRadio Havanna
0%
In der Kneipe zur trockenen Kehle | Kriege machen MenschenSchleimkeim
0%
Wenn er wüsste | Der PlattenspielerTanja Lasch
0%

Verteilung der Resultate

Perzentil nach korrekt beantworteten Fragen

Anzahl Personen mit jedem Resultat

Ihre Resultats-Entwicklung

Sie haben dieses Quiz noch nicht gespielt